<?xml version="1.0" encoding="UTF-8"?>
<record
    xmlns:xsi="http://www.w3.org/2001/XMLSchema-instance"
    xsi:schemaLocation="http://www.loc.gov/MARC21/slim http://www.loc.gov/standards/marcxml/schema/MARC21slim.xsd"
    xmlns="http://www.loc.gov/MARC21/slim">

  <leader>01289nam a22001937a 4500</leader>
  <controlfield tag="008">251015b        |||||||| |||| 00| 0 eng d</controlfield>
  <datafield tag="020" ind1=" " ind2=" ">
    <subfield code="a">9780525658795</subfield>
  </datafield>
  <datafield tag="040" ind1=" " ind2=" ">
    <subfield code="c">tbs</subfield>
  </datafield>
  <datafield tag="041" ind1=" " ind2=" ">
    <subfield code="a">eng</subfield>
  </datafield>
  <datafield tag="050" ind1=" " ind2=" ">
    <subfield code="a">TX649.C47</subfield>
    <subfield code="b">A25 2020</subfield>
  </datafield>
  <datafield tag="100" ind1=" " ind2=" ">
    <subfield code="a">Child, Julia</subfield>
    <subfield code="9">26178</subfield>
    <subfield code="e">author</subfield>
  </datafield>
  <datafield tag="245" ind1=" " ind2=" ">
    <subfield code="a">People who love to eat are always the best people </subfield>
    <subfield code="b">: and other wisdom</subfield>
    <subfield code="c">/ Julia Child.</subfield>
  </datafield>
  <datafield tag="260" ind1=" " ind2=" ">
    <subfield code="a">New York, NY :</subfield>
    <subfield code="b">Alfred A. Knopf,</subfield>
    <subfield code="c">2020.</subfield>
  </datafield>
  <datafield tag="300" ind1=" " ind2=" ">
    <subfield code="a">147 pages :</subfield>
    <subfield code="b">illustrations (some color) ;</subfield>
    <subfield code="c">17 cm.</subfield>
  </datafield>
  <datafield tag="520" ind1=" " ind2=" ">
    <subfield code="a">Perfect for home cooks, Julia fans, and anyone who simply loves to eat and drink&#x2014;a delightful collection of the beloved chef and bestselling author&#x2019;s words of wisdom on love, life, and, of course, food.

&#x201C;If you&#x2019;re afraid of butter, use cream.&#x201D; So decrees Julia Child, the legendary culinary authority and cookbook author who taught America how to cook&#x2014;and how to eat. This delightful volume of quotations compiles some of Julia&#x2019;s most memorable lines on eating&#x2014;&#x201D;The only time to eat diet food is while you&#x2019;re waiting for the steak to cook&#x201D;&#x2014;on drinking, on life&#x2014;&#x201D;I think every woman should have a blowtorch&#x201D;&#x2014;on love, travel, France, and much more.</subfield>
  </datafield>
  <datafield tag="650" ind1=" " ind2="0">
    <subfield code="a">Cooks</subfield>
    <subfield code="z">United States</subfield>
    <subfield code="v">Quotations</subfield>
    <subfield code="9">26179</subfield>
  </datafield>
  <datafield tag="655" ind1=" " ind2="0">
    <subfield code="a">Quotations</subfield>
    <subfield code="9">23002</subfield>
  </datafield>
  <datafield tag="942" ind1=" " ind2=" ">
    <subfield code="2">lcc</subfield>
  </datafield>
  <datafield tag="952" ind1=" " ind2=" ">
    <subfield code="0">0</subfield>
    <subfield code="1">0</subfield>
    <subfield code="2">lcc</subfield>
    <subfield code="4">0</subfield>
    <subfield code="7">0</subfield>
    <subfield code="a">TBS</subfield>
    <subfield code="b">TBS</subfield>
    <subfield code="d">2025-10-15</subfield>
    <subfield code="l">0</subfield>
    <subfield code="o">TX649.C47 CHI</subfield>
    <subfield code="p">B05831</subfield>
    <subfield code="r">2025-10-15</subfield>
    <subfield code="t">1</subfield>
    <subfield code="w">2025-10-15</subfield>
    <subfield code="y">1</subfield>
  </datafield>
  <datafield tag="999" ind1=" " ind2=" ">
    <subfield code="c">5053</subfield>
    <subfield code="d">5053</subfield>
  </datafield>
</record>
